000 00888nam a2200289Ia 4500
003 OSt
005 20220928125516.0
006 a|||||r|||| 00| 0
007 ta
008 220927b |||||||| |||| 00| 0 eng d
020 _c4510.0169999999998
024 _a112424
037 _b063, 20/09/2011, N.R.Book Distributors
_cTextual
040 _aSDCL
_cSDCL
_beng
041 _2eng
_aeng
082 _aG:424, Q1
100 _aWilley Joanne
_9469879
245 0 _aPrescott's microbilogy.
250 _a8
260 _aNew York
_b McGraw-Hill
_c2011
300 _axviii,1070p.+various pagination
_ccm.
650 _aMicrobiology
700 _a Sherwood Linda
_9469880
700 _a Woolverton Chris
_9469881
942 _hG:424, Q1
_cTEXL
_2CC
999 _c782621
_d782621